• 首页
  • 本馆介绍
  • 公告通知
  • 最新文献
  • 馆藏检索
  • 电子资源
  • 读者导购
  • 参考咨询
  • 我的图书馆
  • 登录
  • 详细信息显示
  • 放入我的书架
  • 预约/预借图书
  • 作者相关作品
  • 分类相关作品
  • 丛书相关作品
  • 出版社相关作品

书目信息

  • 表格格式
  • 工作单格式
  • 卡片格式
题名:
艺术概论
    
 
作者: 王宏建 主编
分册:  
出版信息: 北京   文化艺术出版社  2000
页数: 510页
开本: 20cm
丛书名:
单 册:
中图分类: J0
科图分类:
主题词: 艺术理论
电子资源:
ISBN: 7-5039-1931-0
000 00625nam0 2200217 45
001 0196031033
005 20070621105106.59
010    @a7-5039-1931-0@dCNY28.00
100    @a19960729d2000 y0chiy0121 ea
101 0  @achi
102    @aCN@b110000
105    @af z 000yy
200 10 @a艺术概论@AYI SHU GAI LUN@f王宏建主编@Fwang hong jian zhu bian
210    @a北京@c文化艺术出版社@d2000
215    @a510页@c附版图@d20cm
300    @a高等艺术教育"九五"部级教材中国艺术教育大系
606    @a艺术理论
690    @aJ0@v3
701  0 @a王宏建@Awang hong jian@4主编
801  0 @aCN@bNLC@c20070621
905    @f1@b26808@dJ0@e197
    
    艺术概论/王宏建主编.-北京:文化艺术出版社,2000
    510页:附版图;20cm
    高等艺术教育"九五"部级教材中国艺术教育大系
    
    ISBN 7-5039-1931-0:CNY28.00
    
●
相关链接 在E读中查询图书 在五车中查询图书 在当当中查询图书 在豆瓣中查询图书


正题名:艺术概论     索取号:J0/197         预约/预借

序号 登录号 条形码 馆藏地/架位号 状态 备注
1 0660854   206608544   第一样本阅览室/ [索取号:J0/197] 在馆    
2 0660855   206608553   第一借阅区/ [索取号:J0/197] 在馆    
3 0660856   206608562   密集书库/ [索取号:J0/197] 在馆    
4 0660857   206608571   第一借阅区/ [索取号:J0/197] 在馆    
5 0660858   206608580   密集书库/ [索取号:J0/197] 在馆    
6 0660859   206608599   第一借阅区/ [索取号:J0/197] 在馆    
7 0660860   206608606   第一借阅区/ [索取号:J0/197] 在馆    
8 0660861   206608615   库房3/ [索取号:J0/197] 在馆    
9 0660862   206608624   库房3/ [索取号:J0/197] 在馆    
10 0660863   206608633   库房3/ [索取号:J0/197] 在馆    
11 0660864   206608642   库房3/ [索取号:J0/197] 在馆    
12 0660865   206608651   库房3/ [索取号:J0/197] 在馆    
13 0660866   206608660   库房3/ [索取号:J0/197] 在馆    
14 0660867   206608679   库房3/ [索取号:J0/197] 在馆    
15 0660868   206608688   库房3/ [索取号:J0/197] 在馆    
16 0660869   206608697   库房3/ [索取号:J0/197] 在馆    
17 0660870   206608704   库房3/ [索取号:J0/197] 在馆    
18 0660871   206608713   库房3/ [索取号:J0/197] 在馆    
19 0660872   206608722   库房3/ [索取号:J0/197] 在馆    
20 0660873   206608731   库房3/ [索取号:J0/197] 在馆    
21 0660874   206608740   库房3/ [索取号:J0/197] 在馆    
22 0660875   206608759   库房3/ [索取号:J0/197] 在馆    
23 0660876   206608768   库房3/ [索取号:J0/197] 在馆    
24 0660877   206608777   第一借阅区/ [索取号:J0/197] 在馆    
25 0660878   206608786   库房3/ [索取号:J0/197] 在馆    
26 0660879   206608795   库房3/ [索取号:J0/197] 在馆    
27 0660880   206608802   库房3/ [索取号:J0/197] 在馆    
28 0660881   206608811   库房3/ [索取号:J0/197] 在馆    
29 0660882   206608820   库房3/ [索取号:J0/197] 在馆    
30 0660883   206608839   第一借阅区/ [索取号:J0/197] 在馆    
31 0660884   206608848   库房3/ [索取号:J0/197] 在馆    
32 0660885   206608857   库房3/ [索取号:J0/197] 在馆    
33 0660886   206608866   库房3/ [索取号:J0/197] 在馆    
34 0660887   206608875   库房3/ [索取号:J0/197] 在馆    
35 0660888   206608884   库房3/ [索取号:J0/197] 在馆    
36 0660889   206608893   库房3/ [索取号:J0/197] 在馆    
唐山师范学院图书馆 欢迎您!
大连网信软件有限公司© 版权所有